| 000 | 00547nam a2200181Ia 4500 | ||
|---|---|---|---|
| 005 | 20250508153342.0 | ||
| 008 | 008 250505s9999 xx 000 0 fre d | ||
| 037 | _aBooks to be hide in OPAC | ||
| 040 |
_aFEDL _beng _cFEDL |
||
| 041 |
_afre _2eng |
||
| 084 |
_a372.944, PAR/O _qFEDL |
||
| 245 | 0 | _aRapport sur L'organisation et la situation : De l;enseignement primaire public | |
| 260 |
_aParis _bImprimerie Nationale |
||
| 300 | _a628p. | ||
| 546 | _aWeeded out | ||
| 942 |
_cHB _h372.944, PAR/O |
||
| 999 |
_c1342215 _d1342215 |
||